00349nam a2200121Ia 4500008004100000020001800041041000800059082002400067100001800091245007200109260003700181300000900218230411s9999 xx 000 0 und d a81-8448-246-9 aeng aAD/610.6/JON/B04987 aJones Rebecca aNursing Leadership and Management : Theories processes and practice bJaypee BrothersaNew Delhic2008 a452p